Carlos Matthey
Enregistré dans:
| Auteur principal: | |
|---|---|
| Format: | Livre |
| Langue: | espagnol |
| Publié: |
Buenos Aires
Difusión
1859
|
| Édition: | 1a. ed |
| Collection: | Juventud del siglo XX
|
| Sujets: | |
| Tags: |
Ajouter un tag
Pas de tags, Soyez le premier à ajouter un tag!
|
MARC
| LEADER | 00000cam a2200000 a 4500 | ||
|---|---|---|---|
| 001 | UCE6439 | ||
| 003 | CL-VaPUC | ||
| 008 | 150409e18590000ag |||||||||||||||||spa|d | ||
| 082 | 0 | 4 | |a 922 |b OLG |2 21 |
| 100 | |a Olgiati, Francisco |e autor |9 579106 | ||
| 245 | 1 | 0 | |a Carlos Matthey |
| 250 | |a 1a. ed | ||
| 300 | |a 222 p | ||
| 942 | |c BK | ||
| 945 | |d 20150409 10:07:00 |a arojas | ||
| 260 | |a Buenos Aires |b Difusión |c 1859 | ||
| 650 | 7 | |a LIDERES CRISTIANOS |2 CL-VaPUC |9 471499 | |
| 650 | 7 | |a LIDERES JUVENILES |2 CL-VaPUC |9 338157 | |
| 650 | 0 | |a Biografías |9 255210 | |
| 583 | |a last modification |c 20150409 10:07:00 |k Rodrigo Vera | ||
| 490 | 0 | |a Juventud del siglo XX | |
| 999 | |c 358771 |d 358769 | ||
| 952 | |0 0 |1 0 |3 erb |4 0 |6 922_000000000000000_OLG_1859 |7 0 |8 X |9 467660 |a FDOBUD |b FDOBUD |i 5157587 |o 922 OLG 1859 |p 5157587 |r 2019-11-23 |w 2019-11-23 |y BK_X |z Catalogado en:20150409 |k BUD | ||